00305 a2200109 450000500170000002000180001710000160003524500520005125000110010326000270011430000540014120250626093545.0 a9781483375991 aWORTH, M. J aNon Profit Management: principles and Practice a4th Ed aNew DelhibUsagec2017 axxiii, 510p.: ill; TablebRefference& Indexc25cm